| 000 | 02392cam a22003974a 4500 | ||
|---|---|---|---|
| 001 | 12934716 | ||
| 005 | 20030925182631.0 | ||
| 008 | 020918s2003 paua b 001 0 eng | ||
| 020 | _a0721693822 | ||
| 040 |
_aDNLM/DLC _cDLC _dDLC |
||
| 082 | 0 | 0 |
_a611.314 _221 _bASH |
| 100 | 1 |
_aAsh, Major M., _d1921- _930717 |
|
| 245 | 1 | 0 |
_aDental Anatomy, Physiology, and Occlusion / _cMajor M. Ash Jr., Stanley J. Nelson. |
| 246 | 3 | _aWheeler's dental anatomy, physiology, and occlusion | |
| 250 | _a8th ed. | ||
| 260 |
_aPhiladelphia : _bW.B. Saunders, _cc2003. |
||
| 300 |
_axiv, 523 p., 16 p. of col. plates : _bill. ; _c27 cm. + _e1 CD-ROM (4 3/4 in.) |
||
| 500 | _aRev. ed. of: Wheeler's dental anatomy, physiology, and occlusion. 7th ed. c1993. | ||
| 504 | _aIncludes bibliographical references and index. | ||
| 505 | _aDonation from Baccah | ||
| 538 | _aMinimum system requirements: Windows 95 or higherl; Pentium II or faster processor (400 MHz or greater recommended); 64 MB RAM (128 MB recommended); 640 MB of hard disk space for paging/virtual memory; 24X or faster CD-ROM drive, 800 x 600 monitor resolution displaying 24-bit color/Millions of colors (32 bit/True Color recommended); Sound card and speakers; QuickTime v5.0 or greater or Macintosh. | ||
| 650 | 0 |
_aTeeth. _930718 |
|
| 650 | 0 |
_aOcclusion (Dentistry) _930719 |
|
| 650 | 1 | 2 |
_aTooth _xanatomy & histology. _930720 |
| 650 | 2 | 2 |
_aDental Occlusion. _930721 |
| 650 | 2 | 2 |
_aTooth _xphysiology. _930722 |
| 653 |
_bDent _cJuly2012 |
||
| 700 | 1 |
_aNelson, Stanley J. _930723 |
|
| 700 | 1 |
_aAsh, Major M., _d1921- . _tWheeler's dental anatomy, physiology, and occlusion. _930724 |
|
| 942 |
_2ddc _cDN |
||
| 999 |
_c16902 _d16902 |
||